Pays ayant des mégapoles - Statistiques

Statistiques générales
  • Ce quiz a été pris 121 fois
  • Le résultat moyen est 23 sur 26
Statistiques - réponses
Hint Réponse % Correct
13 Chine
100%
1 France
100%
2 Etats-Unis
99%
3 Japon
99%
2 Brésil
97%
1 Royaume-Uni
97%
6 Inde
96%
1 Argentine
94%
2 Indonésie
94%
1 Mexique
94%
1 Russie
94%
1 Égypte
88%
1 Afrique du Sud
87%
1 Nigeria
87%
2 Pakistan
87%
1 Corée du Sud
86%
1 Thaïlande
86%
1 Turquie
86%
1 Allemagne
83%
1 Colombie
83%
1 Iran
80%
1 Pérou
77%
1 République Démocratique du Congo
76%
1 Viêt-Nam
74%
1 Bangladesh
72%
1 Irak
49%
Aucun quiz correspondant
Distribution des résultats
% des personnes avec chaque résultat
Percentile par nombre de réponses
Votre historique - résultats
Vous n’avez pas pris ce quiz